00866nam a2200241 a 450000100100000000500170001000800410002702000150006804000250008310000270010824000290013524500790016426000350024330000210027849000140029949000280031350000690034170000360041083000210044683000350046795201050050299900170060700004294320201002040521.0140213s1986 sp 000 0 spa d a8472233553 aDO-SdBNPbspacBNPHU1 aBerg, Jeanne de97043410aCérémonies de Femmes10aCeremonias de mujeres /cJeanne de Berg; traducción, Encarna Castejón. aBarcelona, :bTusquets,c1986. a163 p. ;c20 cm.1 aErótica1 aLa sonrisa verticalv52 aIncluye datos biografícos del autor en la solapa de la portada1 aGalmarini, Marco Aurelio946935 0aErótica970431 0aLa sonrisa verticalv52919576 001050718MOaGRbGRcCTd2014-02-13iLF1l0o p42943-10r2020-06-25w2020-06-25y1ZNo se presta c42432d42432